header

Gothic literature 1825-1914 / (Record no. 77917)

MARC details
000 -LEADER
fixed length control field 01867nam a2200421 i 4500
001 - CONTROL NUMBER
control field ebr10817766
003 - CONTROL NUMBER IDENTIFIER
control field CaPaEBR
006 - FIXED-LENGTH DATA ELEMENTS--ADDITIONAL MATERIAL CHARACTERISTICS--GENERAL INFORMATION
fixed length control field m o d
007 - PHYSICAL DESCRIPTION FIXED FIELD--GENERAL INFORMATION
fixed length control field cr cn|||||||||
008 - FIXED-LENGTH DATA ELEMENTS--GENERAL INFORMATION
fixed length control field 131230s2009 wlk ob 001 0 eng d
020 ## - INTERNATIONAL STANDARD BOOK NUMBER
Cancelled/invalid ISBN 9780708320693
Cancelled/invalid ISBN 9780708320709
International Standard Book Number 9780708322444 (e-book)
040 ## - CATALOGING SOURCE
Original cataloging agency CaPaEBR
Language of cataloging eng
Description conventions rda
-- pn
Transcribing agency CaPaEBR
050 14 - LIBRARY OF CONGRESS CALL NUMBER
Classification number PN3435
Item number .K555 2009eb
082 04 - DEWEY DECIMAL CLASSIFICATION NUMBER
Classification number 823.0872909
Edition number 23
100 1# - MAIN ENTRY--PERSONAL NAME
Personal name Killeen, Jarlath.
245 10 - TITLE STATEMENT
Title Gothic literature 1825-1914 /
Statement of responsibility, etc Jarlath Killeen.
264 #1 - PRODUCTION, PUBLICATION, DISTRIBUTION, MANUFACTURE, AND COPYRIGHT NOTICE
Place of production, publication, distribution, manufacture Cardiff, Wales :
Name of producer, publisher, distributor, manufacturer University of Wales Press,
Date of production, publication, distribution, manufacture, or copyright notice 2009.
Date of production, publication, distribution, manufacture, or copyright notice �2009
300 ## - PHYSICAL DESCRIPTION
Extent 1 online resource (260 pages).
336 ## - CONTENT TYPE
Content type term text
Source rdacontent
337 ## - MEDIA TYPE
Media type term computer
Source rdamedia
338 ## - CARRIER TYPE
Carrier type term online resource
Source rdacarrier
490 1# - SERIES STATEMENT
Series statement History of the Gothic
504 ## - BIBLIOGRAPHY, ETC. NOTE
Bibliography, etc Includes bibliographical references and index.
588 ## - SOURCE OF DESCRIPTION NOTE
Source of description note Description based on online resource; title from PDF title page (ebrary, viewed December 30, 2013).
590 ## - LOCAL NOTE (RLIN)
Local note Electronic reproduction. Palo Alto, Calif. : ebrary, 2014. Available via World Wide Web. Access may be limited to ebrary affiliated libraries.
650 #0 - SUBJECT ADDED ENTRY--TOPICAL TERM
Topical term or geographic name as entry element Gothic fiction (Literary genre)
General subdivision History and criticism.
Topical term or geographic name as entry element English fiction
Chronological subdivision 19th century
General subdivision History and criticism.
Topical term or geographic name as entry element Children in literature.
Topical term or geographic name as entry element Gothic fiction (Literary genre), English
General subdivision History and criticism.
655 #0 - INDEX TERM--GENRE/FORM
Genre/form data or focus term Electronic books.
776 08 - ADDITIONAL PHYSICAL FORM ENTRY
Display text Print version:
Main entry heading Killeen, Jarlath.
Title Gothic literature 1825-1914.
Place, publisher, and date of publication Cardiff, Wales : University of Wales Press, c2009
Physical description ix, 248 pages
Series data for related item History of the Gothic (Cardiff, Wales)
International Standard Book Number 9780708320709
797 2# - LOCAL ADDED ENTRY--CORPORATE NAME (RLIN)
Corporate name or jurisdiction name as entry element ebrary.
830 #0 - SERIES ADDED ENTRY--UNIFORM TITLE
Uniform title History of the Gothic (Cardiff, Wales)
856 40 - ELECTRONIC LOCATION AND ACCESS
Uniform Resource Identifier <a href="http://site.ebrary.com/lib/rucke/Doc?id=10817766">http://site.ebrary.com/lib/rucke/Doc?id=10817766</a>
Public note An electronic book accessible through the World Wide Web; click to view

No items available.

© 2026 Rongo University
Contact us: librarian | system librarian | Rongo university